| 000 | 00527nam a22001937a 4500 | ||
|---|---|---|---|
| 003 | koha_MIRAKIL | ||
| 005 | 20231213100336.0 | ||
| 008 | 231213b |||||||| |||| 00| 0 ||| d | ||
| 020 | _b978-9-75211775-4 | ||
| 040 |
_aTR-IsEVY _btur _cTR-IsEVY |
||
| 082 | _aFIC PEI/K | ||
| 100 | _aPeirce, Lincoln. | ||
| 245 | 0 |
_aKocakafa Nate _bzıvanadan çıkıyor |
|
| 260 |
_bAltın Kitaplar, _c2014 |
||
| 300 | _a224 s. | ||
| 650 | _aChildren's literature -- Fiction. | ||
| 650 | _aÇocuk edebiyatı -- Roman. | ||
| 942 |
_2ddc _cBK |
||
| 999 |
_c18418 _d18418 |
||